000 00793nam a2200241Ia 4500
003 OSt
005 20220926002735.0
006 a|||||r|||| 00| 0
007 ta
008 220923b |||||||| |||| 00| 0 eng d
020 _a9789385285653
_c450.00
037 _bP-353/17-18, 14/09/2017, Manohar Publishers & Distributors
_cGeneral Book
040 _aRTL
_cRTL
_beng
041 _2eng
_aeng
082 _aY15:3(NS).235, Q7
100 _aDEVASIS
_9306409
245 0 _aWithout prejudice
_b Epic tale of a mumbai bar dancer
260 _a New Delhi
_bNiyogi Books
_c2017
300 _a313p
_ccm.
650 _aSociology
942 _hY15:3(NS).235, Q7
_cGB
_2CC
999 _c605971
_d605971